000 00794nam a2200253 a 4500
001 BRCA_4233
005 20190320204608.0
008 110610s1955----enka######---#000-0#eng-#
041 _aeng
044 _aenk
050 4 _aNK1125
_b.C66 2
_c1955
245 1 0 _aThe Concise Encyclopaedia of Antiques
_ccompiled by the Connoisseur.
260 _aLondres
_bL.G.G. Ramsey, F.S.A.
_c1955
300 _a279 p. (v.2)
_bil.
_c25 cm.
500 _aIncluye índice de nombres y lugares
500 _aEnciclopedia inventariada por Banco de México como libro
500 _aVer también AM42, AM43 y O212
500 _aAM45
650 1 4 _aObjetos de arte
_vEnciclopedias
_910911
650 1 4 _aColeccionistas y colecciones
_910912
650 1 4 _aAntigüedades
_910913
902 _aGFM
942 _2lcc
_cB
999 _c3944
_d3944